000 00360nam a2200169Ia 4500
100 _aTurner/Chris
650 _aGeneral
942 _cBK
366 _f10
654 _adepartment
245 _aHow to run your department successfully
260 _bContinuum
_aNEWYORK
_c2005
082 _a371.2
_bTUR
300 _a214
546 _aENGLISH
999 _c32959
_d32959